Estatísticas para Quiz do Mapa do Canadá

Clique aqui para jogar o quiz

Estatísticas Gerais

  • Esse quiz foi jogado 1,175 vezes
  • A pontuação média é 6 de 13

Estatísticas das Respostas

Answer % Correto
Quebec
78%
Ontário
66%
Colúmbia Britânica
58%
Ilha do Príncipe Eduardo
57%
Territórios do Noroeste
46%
Alberta
45%
Manitoba
44%
Nova Escócia
42%
Nunavut
40%
Terra Nova e Labrador
39%
Nova Brunswick
36%
Saskatchewan
35%
Yukon
35%

Distribuição das Pontuações

Percentil de Números Respondidos

Porcentagem de Pessoas com Cada Pontuação

Sua Pontuação Histórica

Você não jogou esse quiz